| 000 | 00337nam a22001337a 4500 | ||
|---|---|---|---|
| 008 | 181220b xxu||||| |||| 00| 0 eng d | ||
| 020 | _a9780781737401 | ||
| 041 | _aeng | ||
| 080 |
_24th _a371 |
||
| 100 | _a46 | ||
| 101 | _aEDU | ||
| 245 |
_aCommunication and Education Skills for Dietetics Professionals _cHolli,B.B |
||
| 942 |
_2udc _cBK |
||
| 999 |
_c53558 _d53558 |
||